000 00542nam a2200181 a 4500
005 20140310183303.0
008 050705s19uu xx 00 eng d
020 _a8124204314
050 _aHF 5549
_b.P419 2004
245 _aPeople and competencies:
_ba handbook /
_cEdited by : Boulter, Nick
260 _aNew Delhi :
_bCrest Publishing House,
_c2004.
300 _a157 p. :
_bill. ;
_c24 cm.
521 _aBSBA
650 _aPersonnel management.
650 _aExecutive succession
_xPlanning.
942 _cBK
_2lcc
_kFOR
999 _c21029
_d21029